000 00668nmc a2200265 a 4500
003 AR-BaBNM
005 20251128210923.0
008 261020s1999 ||||||||||||||000 | spa||
020 _a987-97211-5-2
040 _cAR-BaBNM
100 1 _aLugones, Leopoldo
245 1 0 _aPoesía amorosa
260 _aBuenos Aires
_bGrijalbo
_c1999
300 _a71 p.
490 0 _aMitos. Poesía argentina
_vv. 1
650 4 _aLITERATURA ARGENTINA
650 4 _aANTOLOGIAS
650 4 _aPOESIA
650 4 _aLITERATURA CONTEMPORANEA
653 _aPOESIA AMOROSA
655 _aLITERATURA
700 1 _aJarkowski, Aníbal
_ecompilador
942 _cBK
998 _cMARTIN
999 _c17463
_d17463